| 000 | 01439nam a2200385Ia 4500 | ||
|---|---|---|---|
| 005 | 20220317001814.0 | ||
| 007 | ta | ||
| 008 | 170328s20132014ck a br 000 fdspa d | ||
| 020 | _a9789587054422 | ||
| 040 |
_aCO-BoRNBP _bspa _erda _cCO-BoRNBP |
||
| 041 | 1 |
_aspa _heng |
|
| 084 | _aN GRI2 | ||
| 100 | 1 |
_aGripe, María _d1923-2007 _eautora |
|
| 245 | 1 | 4 |
_aLos hijos del vidriero _cMaría Gripe ; traducido por Julia de Arnau ; ilustrado por Harald Gripe |
| 250 |
_aPrimera edición _bSéptima reimpresión |
||
| 264 | 1 |
_aBogotá _bEdiciones SM _c2013 _c2020 |
|
| 300 |
_a191 páginas _bilustraciones _c20 cm |
||
| 336 |
_atexto _btxt _2rdacontent |
||
| 337 |
_asin mediación _bn _2rdamedia |
||
| 338 |
_avolumen _bnc _2rdacarrier |
||
| 490 | 0 |
_aEl barco de vapor _pNaranja _v4 |
|
| 521 | _aRecomendado para un público infantil mayor de 9 años | ||
| 534 | _bGlasbasarns barn | ||
| 545 | _aIncluye datos biográficos de la autora en la contracarátula | ||
| 586 | _aPremio Andersen, 1974. Declarado libro de interés infantil por el Ministerio de Cultura | ||
| 650 | 1 | 7 |
_aNovela sueca _ySiglo XX _2LEMB |
| 650 | 1 | 7 |
_aLiteratura sueca _ySiglo XX _2LEMB |
| 650 | 1 | 7 |
_aAutores suecos _ySiglo XX _2LEMB |
| 650 | 1 | 7 |
_aNiños _vNovela _2LEMB |
| 650 | 1 | 7 |
_aFamilia _vNovela _2LEMB |
| 650 | 1 | 7 |
_aSecuestro _vNovela _2LEMB |
| 700 | 1 |
_aGripe, Harald _eilustrador _9186587 |
|
| 700 | 1 |
_aArnau, Julia de _etraductora _9186588 |
|
| 942 |
_2loc _cBKLIT |
||
| 999 |
_c8156 _d8156 |
||